| 000 | 00729pam a2200193 a 4500 | ||
|---|---|---|---|
| 082 | 0 | 0 |
_a624.1762 _bGRO _cL-20, P-152 |
| 100 |
_aTaylor, R.K. _942906 |
||
| 245 | 0 | 0 |
_aGround movements and their effects on structures / _cedited by P.B. Attewell and R.K. Taylor. _bR.K Taylor |
| 260 |
_aLondon : _bSurrey University Press ; _aNew York : _bDistributed in the USA by Chapman and Hall, _c1984. |
||
| 300 |
_axviii, 441 p. : _bill. ; _c24 cm. |
||
| 526 |
_a0 _b0 _c0 _d624_176200000000000_GRO |
||
| 650 | 0 |
_aEarth movements and building. _942907 |
|
| 650 | 0 | _aEarthquake engineering. | |
| 650 | 0 |
_aMCE _9379 |
|
| 650 | 0 |
_aMine subsidences. _942908 |
|
| 700 | 1 |
_aAttewell, P. B. _942909 |
|
| 700 | 1 |
_aTaylor, R. K. _942910 |
|
| 942 |
_2ddc _cBK |
||
| 999 |
_c546719 _d546719 |
||